[Event "Cuneo Province-ch"]
[Site "Cuneo"]
[Date "2013.03.03"]
[Round "5"]
[White "Sattanino, Andrea"]
[Black "Bisi, Samuele"]
[Result "0-1"]
[WhiteElo "1854"]
[BlackElo "2081"]
[PlyCount "50"]
[EventDate "2013.03.01"]
[EventType "swiss"]
[EventRounds "5"]
[EventCountry "ITA"]
[SourceTitle "EXT 2014"]
[Source "ChessBase"]
[SourceDate "2013.11.20"]
[SourceVersion "1"]
[SourceVersionDate "2013.11.20"]
[SourceQuality "1"]

1. d4 Nf6 2. c4 e6 3. Nc3 c5 4. d5 exd5 5. cxd5 d6 6. e4 g6 7. Bd3 Bg7 8. Nge2 0-0 9. 0-0 Re8 10. Bf4 a6 11. f3 b5 12. b3 Nh5 13. Bd2 Nd7 14. Rc1 Ne5 15. Bb1 c4 16. bxc4 Nxc4 17. Qe1 Qb6+ 18. Kh1 Nxd2 19. Qxd2 Bd7 20. Rfd1 b4 21. Qb2 Rab8 22. Qb3 bxc3 23. Qxb6 Rxb6 24. Nxc3 Nf4 25. g3 Nh3 0-1

[Event "Asti Alfieri Memorial 3rd"]
[Site "Asti"]
[Date "2008.03.29"]
[Round "4"]
[White "Piantadosi, Angelo"]
[Black "Sattanino, Andrea"]
[Result "0-1"]
[WhiteElo "1673"]
[BlackElo "1846"]
[PlyCount "114"]
[EventDate "2008.03.27"]
[EventType "swiss"]
[EventRounds "6"]
[EventCountry "ITA"]
[SourceTitle "EXT 2011"]
[Source "ChessBase"]
[SourceDate "2010.11.26"]
[SourceVersion "1"]
[SourceVersionDate "2010.11.26"]
[SourceQuality "1"]

1. e4 e5 2. Nf3 Nf6 3. Nxe5 d6 4. Nf3 Nxe4 5. Qe2 Qe7 6. d3 Nf6 7. Bg5 Be6 8. Nc3 h6 9. Bxf6 Qxf6 10. d4 Be7 11. Qb5+ Nd7 12. Qxb7 0-0 13. Bd3 Nb6 14. Qe4 g6 15. Qe3 Kg7 16. Ne4 Qf5 17. Nc5 Nd5 18. Bxf5 Nxe3 19. Nxe6+ fxe6 20. fxe3 exf5 21. 0-0-0 Bf6 22. c3 Rae8 23. Rde1 Re7 24. Re2 Rfe8 25. Rhe1 d5 26. Kd2 g5 27. Kd3 Re6 28. Nd2 Ra6 29. Ra1 Rb8 30. Nf1 Re6 31. Ng3 f4 32. Nh5+ Kg6 33. Nxf6 Kxf6 34. b3 Re4 35. Rf1 Rbe8 36. Rf3 Kf5 37. g3 Kg4 38. Rff2 Rxe3+ 39. Rxe3 Rxe3+ 40. Kd2 Rf3 41. Re2 fxg3 42. hxg3 Kxg3 43. Re5 Rf2+ 44. Kd3 Rxa2 45. Rxd5 g4 46. Rh5 Ra6 47. Ke4 Rc6 48. c4 Rb6 49. d5 Kg2 50. Kf5 g3 51. c5 Rxb3 52. Rxh6 Rc3 53. Rc6 Kf2 54. Rxc7 g2 55. Rg7 Rg3 56. Rxg3 Kxg3 57. d6 g1Q 0-1

[Event "Asti Alfieri Memorial 3rd"]
[Site "Asti"]
[Date "2008.03.29"]
[Round "3"]
[White "Sattanino, Andrea"]
[Black "Bertazzoni, Giuseppe"]
[Result "1-0"]
[WhiteElo "1846"]
[BlackElo "1933"]
[PlyCount "49"]
[EventDate "2008.03.27"]
[EventType "swiss"]
[EventRounds "6"]
[EventCountry "ITA"]
[SourceTitle "EXT 2011"]
[Source "ChessBase"]
[SourceDate "2010.11.26"]
[SourceVersion "1"]
[SourceVersionDate "2010.11.26"]
[SourceQuality "1"]

1. d4 Nf6 2. c4 g6 3. Nc3 Bg7 4. e4 d6 5. f3 0-0 6. Be3 c6 7. Qd2 e5 8. Nge2 Re8 9. d5 c5 10. g4 Na6 11. Ng3 Kf8 12. h4 Qa5 13. h5 Ng8 14. hxg6 hxg6 15. Be2 Bd7 16. Kf2 Nc7 17. Rh7 Reb8 18. Rah1 b5 19. Rxg7 Kxg7 20. Bh6+ Nxh6 21. Qxh6+ Kf6 22. Nh5+ Ke7 23. Qg5+ Kf8 24. Nf6 Rd8 25. Nh7+ 1-0

[Event "Asti Alfieri Memorial 3rd"]
[Site "Asti"]
[Date "2008.03.28"]
[Round "2"]
[White "Del Nevo, Claudio"]
[Black "Sattanino, Andrea"]
[Result "0-1"]
[WhiteElo "1920"]
[BlackElo "1846"]
[PlyCount "98"]
[EventDate "2008.03.27"]
[EventType "swiss"]
[EventRounds "6"]
[EventCountry "ITA"]
[SourceTitle "EXT 2011"]
[Source "ChessBase"]
[SourceDate "2010.11.26"]
[SourceVersion "1"]
[SourceVersionDate "2010.11.26"]
[SourceQuality "1"]

1. d4 Nf6 2. Nf3 e6 3. Bg5 Be7 4. Bxf6 Bxf6 5. e3 0-0 6. Bd3 Nc6 7. c3 e5 8. dxe5 Bxe5 9. Qc2 g6 10. h4 Qf6 11. h5 Nb4 12. Qe2 Nxd3+ 13. Qxd3 d6 14. Nbd2 Qe7 15. 0-0-0 Bg4 16. hxg6 fxg6 17. Rdf1 Bh8 18. Nh4 Bf6 19. Nhf3 c6 20. Ne4 Bf5 21. Nxf6+ Rxf6 22. Qd4 Qe4 23. Qxe4 Bxe4 24. Ne1 Re8 25. Kd2 Bb1 26. a3 Ba2 27. Rh4 Bd5 28. f3 Rfe6 29. e4 Bc4 30. Rfh1 R8e7 31. Nc2 c5 32. Ne3 Bb5 33. Nd5 Rf7 34. Nf4 Ref6 35. Nd5 Re6 36. b3 Bc6 37. Ne3 Rfe7 38. c4 b5 39. Rg4 bxc4 40. bxc4 Rb7 41. Ra1 Ree7 42. Rh4 Rb2+ 43. Ke1 Reb7 44. Rh1 R7b3 45. Nf1 Rxg2 46. a4 Rxf3 47. Rd1 Rff2 48. Rxd6 Re2+ 49. Kd1 Bxa4+ 0-1

[Event "Nichelino op 8th"]
[Site "Nichelino"]
[Date "2007.10.07"]
[Round "6"]
[White "Sattanino, Andrea"]
[Black "Finocchiaro, Gianluca"]
[Result "0-1"]
[WhiteElo "1843"]
[BlackElo "1973"]
[PlyCount "32"]
[EventDate "2007.10.04"]
[EventType "swiss"]
[EventRounds "6"]
[EventCountry "ITA"]
[SourceTitle "EXT 2010"]
[Source "ChessBase"]
[SourceDate "2010.11.25"]
[SourceVersion "1"]
[SourceVersionDate "2010.11.25"]
[SourceQuality "1"]

1. d4 b5 2. e4 Bb7 3. Bd3 e6 4. Bf4 a6 5. Nd2 c5 6. dxc5 Bxc5 7. Ne2 Nf6 8. Ng3 0-0 9. e5 Nd5 10. Bg5 Qxg5 11. Nde4 Qe7 12. Nh5 f5 13. exf6 Nxf6 14. Nhxf6+ Rxf6 15. Nxf6+ Qxf6 16. 0-0 Qg5 0-1

[Event "Nichelino op 8th"]
[Site "Nichelino"]
[Date "2007.10.06"]
[Round "4"]
[White "Sattanino, Andrea"]
[Black "Astengo, Marcello"]
[Result "1-0"]
[WhiteElo "1843"]
[BlackElo "2024"]
[PlyCount "69"]
[EventDate "2007.10.04"]
[EventType "swiss"]
[EventRounds "6"]
[EventCountry "ITA"]
[SourceTitle "EXT 2010"]
[Source "ChessBase"]
[SourceDate "2010.11.25"]
[SourceVersion "1"]
[SourceVersionDate "2010.11.25"]
[SourceQuality "1"]

1. d4 g6 2. c4 Bg7 3. Nc3 d6 4. e4 Nd7 5. Be3 e6 6. Bd3 Ne7 7. Qd2 h6 8. Nge2 b6 9. f3 Bb7 10. 0-0 g5 11. Ng3 Nf6 12. b3 Ng6 13. Rac1 Qd7 14. Nce2 Rd8 15. Rfd1 g4 16. fxg4 Nxg4 17. Nh5 Kf8 18. Nxg7 Kxg7 19. Ng3 h5 20. Rf1 h4 21. Ne2 h3 22. g3 e5 23. d5 Bc8 24. Rf3 Qe7 25. Rcf1 Rdf8 26. Nc3 Rh5 27. Nd1 f5 28. exf5 e4 29. Bd4+ N6e5 30. Bxe4 Kg8 31. Bxe5 Qxe5 32. Rf4 Nf6 33. Nf2 Re8 34. Ng4 Nxe4 35. Rxe4 1-0

[Event "Turin Piemonte op 7th"]
[Site "Turin"]
[Date "2007.06.22"]
[Round "2"]
[White "Gussone, Claudio"]
[Black "Sattanino, Andrea"]
[Result "0-1"]
[WhiteElo "1914"]
[BlackElo "1855"]
[PlyCount "108"]
[EventDate "2007.06.21"]
[EventType "swiss"]
[EventRounds "6"]
[EventCountry "ITA"]
[SourceTitle "EXT 2010"]
[Source "ChessBase"]
[SourceDate "2010.11.25"]
[SourceVersion "1"]
[SourceVersionDate "2010.11.25"]
[SourceQuality "1"]

1. Nf3 Nf6 2. g3 d5 3. d4 c6 4. Bg2 Bg4 5. Ne5 Bf5 6. 0-0 Nbd7 7. f4 Ne4 8. Nd2 Ndf6 9. h3 Nxg3 10. Rf3 Nge4 11. Rb3 Rb8 12. Ndf3 Qc8 13. Qf1 Ng3 14. Qe1 Nge4 15. Ng5 Nxg5 16. fxg5 Ne4 17. Qf1 f6 18. Nxc6 bxc6 19. Rxb8 Qxb8 20. Qxf5 g6 21. Qe6 Qd6 22. Qxd6 Nxd6 23. gxf6 exf6 24. b3 f5 25. c4 Ne4 26. Bf4 Kd7 27. Be5 Rg8 28. Rc1 Bh6 29. Rc2 Be3+ 30. Kh2 Rc8 31. Bf3 Ng5 32. Bg2 Ne4 33. h4 Nf2 34. Bf3 Ng4+ 35. Bxg4 fxg4 36. Kg3 h5 37. Rc3 Bd2 38. Rd3 Be1+ 39. Kg2 Bxh4 40. Bg3 g5 41. e3 Rf8 42. Rc3 Rf3 43. Be5 Rf2+ 44. Kg1 Rxa2 45. cxd5 cxd5 46. Rc5 Bf2+ 47. Kf1 Bxe3 48. Rxd5+ Ke6 49. Rd6+ Kf5 50. Rf6+ Ke4 51. Re6 Kd3 52. d5 h4 53. d6 g3 54. Rf6 g2+ 0-1

[Event "Savigliano 6th"]
[Site "Savigliano"]
[Date "2007.06.03"]
[Round "5"]
[White "Angioni, Gian Carlo"]
[Black "Sattanino, Andrea"]
[Result "0-1"]
[WhiteElo "1805"]
[BlackElo "1855"]
[PlyCount "54"]
[EventDate "2007.05.31"]
[EventType "swiss"]
[EventRounds "6"]
[EventCountry "ITA"]
[SourceTitle "EXT 2009"]
[Source "ChessBase"]
[SourceDate "2008.11.26"]
[SourceVersion "1"]
[SourceVersionDate "2008.11.26"]
[SourceQuality "1"]

1. e4 e5 2. Nf3 Nf6 3. d4 Nxe4 4. Bd3 d5 5. Nxe5 Nd7 6. Nxd7 Bxd7 7. 0-0 Be7 8. c4 Nf6 9. Nc3 dxc4 10. Bxc4 0-0 11. Re1 h6 12. Bf4 Bf5 13. Bb3 Bb4 14. a3 Ba5 15. Re5 Bxc3 16. bxc3 Bg6 17. Qe2 Re8 18. Re1 Qd7 19. Qe3 c6 20. Qg3 Kh7 21. Qh4 Ng4 22. Re7 Rxe7 23. Qxe7 Qf5 24. Bg3 Nf6 25. Qxb7 Re8 26. Rf1 Qd3 27. Qxc6 Qxf1+ 0-1

[Event "Asti Alfieri Memorial 2nd"]
[Site "Asti"]
[Date "2007.03.24"]
[Round "3"]
[White "Sattanino, Andrea"]
[Black "Idili, Leonardo"]
[Result "1-0"]
[WhiteElo "1891"]
[BlackElo "1758"]
[PlyCount "99"]
[EventDate "2007.03.22"]
[EventType "swiss"]
[EventRounds "6"]
[EventCountry "ITA"]
[SourceTitle "EXT 2010"]
[Source "ChessBase"]
[SourceDate "2010.11.25"]
[SourceVersion "1"]
[SourceVersionDate "2010.11.25"]
[SourceQuality "1"]

1. d4 Nf6 2. c4 g6 3. Nc3 Bg7 4. e4 d6 5. f3 0-0 6. Be3 Nbd7 7. Qd2 c5 8. d5 a6 9. Bh6 b5 10. Bxg7 Kxg7 11. cxb5 axb5 12. Bxb5 Qb6 13. Nge2 Ra5 14. a4 Nb8 15. g4 Na6 16. Ng3 Nc7 17. h4 Nxb5 18. Nxb5 h6 19. g5 Ng8 20. gxh6+ Kh7 21. h5 Bd7 22. Nc3 Rfa8 23. Qf4 Nf6 24. hxg6+ fxg6 25. Rb1 Bxa4 26. e5 dxe5 27. Qxe5 Qd6 28. Qxd6 exd6 29. Nce4 Nxe4 30. Nxe4 R5a6 31. Nf6+ Kh8 32. Rg1 Bc2 33. Rc1 Bf5 34. Kd2 Rf8 35. Ng4 Kh7 36. Rce1 Ra7 37. Re2 Bxg4 38. fxg4 Kxh6 39. g5+ Kg7 40. Re6 Rd7 41. Kc3 Rf5 42. Kc4 Rf2 43. Rge1 Rf5 44. Re7+ Rxe7 45. Rxe7+ Rf7 46. Rxf7+ Kxf7 47. Kb5 Ke8 48. Kc6 Ke7 49. b3 c4 50. bxc4 1-0